00658nam a2200181 i 450000100060000000300090000600500170001500700030003200800410003510000280007624500950010426000380019930000300023770000380026785200320030599900170033795201220035461308ES-MaACL20230906164427.0t|031111s1965 sp ||||1| spa d1 aEvarts, Harry F.94838110aIntroducción al Pert / cHarry F. Evarts ; traducción y prólogo R. Companys Pascual. aBarcelona : bSagitario, c[1965] a152 p. : bil. ; c19 cm.1 aCompanys Pascual, Ramón.940043 aES-MaACLjC-28314 bR.57152 c61308d61308 00104070aATENEOMbATENEOMcDEPO2d2008-01-17eSCl0oC-28314p1064290r2023-02-23 00:00:00w2023-02-23yMONOGRAFIA